Historia de la filosofía medieval / (Record no. 139064)

MARC details
000 -LEADER
campo de control de longitud fija 00605nam a2200193 4500
001 - NÚMERO DE CONTROL
campo de control 139064
003 - IDENTIFICADOR DE NÚMERO DE CONTROL
campo de control ES-MaACL
007 - CAMPO FIJO DE DESCRIPCIÓN FÍSICA--INFORMACIÓN GENERAL
campo de control de longitud fija t|
008 - DATOS DE LONGITUD FIJA--INFORMACIÓN GENERAL
campo de control de longitud fija 070214s1985 sp r ||||1| spa d
020 ## - NÚMERO INTERNACIONAL ESTÁNDAR DEL LIBRO
Número Internacional Estándar del Libro 84-313-0874-5
100 1# - ENTRADA PRINCIPAL--NOMBRE DE PERSONA
Nombre de persona Saranyana, Josep-Ignasi.
9 (RLIN) 103759
245 10 - MENCIÓN DEL TÍTULO
Título Historia de la filosofía medieval /
Mención de responsabilidad, etc. Josep-Ignasi Saranyana.
260 ## - PUBLICACIÓN, DISTRIBUCIÓN, ETC.
Lugar de publicación, distribución, etc. Pamplona :
Nombre del editor, distribuidor, etc. Ed. Universidad de Navarra,
Fecha de publicación, distribución, etc. 1985.
300 ## - DESCRIPCIÓN FÍSICA
Extensión 306 p. ;
Dimensiones 22 cm.
490 1# - MENCIÓN DE SERIE
Mención de serie Libros de iniciación filosófica
830 0# - PUNTO DE ACCESO ADICIONAL DE SERIE-TÍTULO UNIFORME
Título uniforme Libros de iniciación filosófica
9 (RLIN) 187113
852 ## - LOCALIZACIÓN
Ubicación ES-MaACL
Número de control de estantería L-9655
Sublocalización o colección R.111405
Holdings
Estatus retirado Estado de pérdida Estado de daño No para préstamo Biblioteca de origen Biblioteca actual Ubicación en estantería Fecha de adquisición Fuente de adquisición Total de préstamos Signatura topográfica completa Código de barras Visto por última vez Precio de reemplazo Tipo de ítem Koha
        Biblioteca del Ateneo de Madrid Biblioteca del Ateneo de Madrid Depósito 2 17/01/2008     L-9655 1144715 23/02/2023 23/02/2023 Libro impreso